More wealth without risk: how to develop a personal fortune without going out on a limb (Record no. 32771)

MARC details
000 -LEADER
fixed length control field 00467nam a2200169Ia 4500
020 ## - INTERNATIONAL STANDARD BOOK NUMBER
ISBN 0- 671- 70101- 0
050 ## - CALL MARK
Classification number HG 179 .G543/
100 ## - STATEMENT OF RESPONSIBILITY--MAIN AUTHOR NAME
Personal name Charles J. Givens
245 #0 - TITLE STATEMENT
Title More wealth without risk: how to develop a personal fortune without going out on a limb
260 ## - PUBLICATION, DISTRIBUTION, ETC. (IMPRINT)
Name of publisher Simon & Schuster
260 ## - PUBLICATION, DISTRIBUTION, ETC. (IMPRINT)
Year of publication 1991
300 ## - PHYSICAL DESCRIPTION
Number of Pages 599 p
650 ## - SUBJECT ADDED ENTRY--TOPICAL TERM
Topical Term Finance, personal
942 ## - ADDED ENTRY ELEMENTS (KOHA)
Koha item type Books
Holdings
Withdrawn status Lost status Source of classification or shelving scheme Damaged status Not for loan Permanent Location Current Location Date acquired Accession Number Price effective from Koha item type
    Library of Congress Classification     NILE UNIVERSITY OF NIGERIA - MAIN LIBRARY NILE UNIVERSITY OF NIGERIA - MAIN LIBRARY 04/23/2025 0004199 04/23/2025 Books